|
|
|
|
| LEADER |
01276nam a2200337Ia 4500 |
| 001 |
EBC289849 |
| 003 |
MiAaPQ |
| 005 |
20200520144314.0 |
| 006 |
m o d | |
| 007 |
cr cn||||||||| |
| 008 |
011019s2004 enk s 000 0 eng d |
| 020 |
|
|
|z 0861769724
|
| 035 |
|
|
|a (MiAaPQ)EBC289849
|
| 035 |
|
|
|a (Au-PeEL)EBL289849
|
| 035 |
|
|
|a (CaPaEBR)ebr10067130
|
| 035 |
|
|
|a (CaONFJC)MIL51577
|
| 035 |
|
|
|a (OCoLC)70759378
|
| 040 |
|
|
|a MiAaPQ
|c MiAaPQ
|d MiAaPQ
|
| 050 |
|
4 |
|a HC54
|b .N49 2004
|
| 245 |
0 |
0 |
|a New light on Lauchlin Currie's monetary economics in the new deal and beyond
|h [electronic resource] /
|c Editor, Roger J. Sandilands.
|
| 260 |
|
|
|a Bradford, England :
|b Emerald Group Publishing,
|c c2004.
|
| 300 |
|
|
|a 238 p.
|
| 490 |
1 |
|
|a Journal of Economic Studies. No. 3/4 ;
|v Vol. 31
|
| 533 |
|
|
|a Electronic reproduction. Ann Arbor, MI : ProQuest, 2015. Available via World Wide Web. Access may be limited to ProQuest affiliated libraries.
|
| 650 |
|
0 |
|a Economic history.
|
| 650 |
|
0 |
|a Economics.
|
| 655 |
|
4 |
|a Electronic books.
|
| 700 |
1 |
|
|a Sandilands, Roger J.
|
| 710 |
2 |
|
|a ProQuest (Firm)
|
| 830 |
|
0 |
|a Journal of Economic Studies.
|n No. 3/4 ;
|v v. 31.
|
| 856 |
4 |
0 |
|u https://ebookcentral.proquest.com/lib/matrademy/detail.action?docID=289849
|z Click to View
|